|
|
|
|
| LEADER |
00000nam0a2200000 4500 |
| 001 |
368152 |
| 005 |
20231102012044.0 |
| 035 |
|
|
|a (RuTPU)RU\TPU\retro\25515
|
| 090 |
|
|
|a 368152
|
| 100 |
|
|
|a 20220331d1980 km y0rusy50 ca
|
| 101 |
0 |
|
|a rus
|
| 102 |
|
|
|a RU
|
| 105 |
|
|
|a a z 001zy
|
| 200 |
1 |
|
|a Горячая вальцовка заготовок
|f В. К. Смирнов, К. И. Литвинов, С. В. Харитони
|
| 210 |
|
|
|a Москва
|c Машиностроение
|d 1980
|
| 215 |
|
|
|a 152 с.
|c ил.
|
| 320 |
|
|
|a Библиогр.: с. 146-148
|
| 606 |
1 |
|
|a Вальцовка металлов
|2 stltpush
|3 (RuTPU)RU\TPU\subj\2030
|9 30666
|
| 610 |
1 |
|
|a заготовки
|
| 610 |
1 |
|
|a ковочные вальцы
|
| 610 |
1 |
|
|a технологические процессы
|
| 610 |
1 |
|
|a расчет
|
| 610 |
1 |
|
|a примеры
|
| 610 |
1 |
|
|a разработка
|
| 610 |
1 |
|
|a турбинные лопатки
|
| 610 |
1 |
|
|a штамповка
|
| 610 |
1 |
|
|a поковки
|
| 675 |
|
|
|a 621.73.04
|v 4
|
| 700 |
|
1 |
|a Смирнов
|b В. К.
|g Виталий Кузьмич
|
| 701 |
|
1 |
|a Литвинов
|b К. И.
|g Константин Иванович
|
| 701 |
|
1 |
|a Харитони
|b С. В.
|g Сергей Васильевич
|
| 801 |
|
1 |
|a RU
|b 63413507
|c 20220331
|
| 942 |
|
|
|c BK
|